01017nas a2200229Ia 4500001001100000003000900011008004100020040001300061040001300074041001300087100004300100210002600143222002600169245009900195250001100294260002900305501008600334300001800420362002600438500027000464650005300734R519/B9005IT-RoPAU151124c99999999xx |||||||||||| ||und|| aIT-RoPAU cIT-RoPAU aITALIANO aMacri' DiegogCodice Aut. SPICS: 53502 aECONOMIA & MANAGEMENT aEconomia & Management aECONOMIA & MANAGEMENT, N.04 (SETTEMBRE 1993)bCost Accounting Come Invenzione Strumentale (Il) a1a ed. aMILANObETAS LIBRIc1993 bPaulus - SPICS - Società San Paolo EM (non-commercial uses only)cCopyright2015 a15 p. [67-81] aN.04 (SETTEMBRE 1993) aProblema della Conoscenza e del Rapporto con la Realtà. Pregiudizio Sullascientificità e Oggettività dell'Informazione. Costi Strumentali. Complemento Logico al Concetto di Costo. Strumentalità ed Efficacia. Strumentalità Come Leva di Semplificazione e di aPUBBLICITA' - MARKETINGvPUBBLICAZIONE PERIODICA